El maestro iluminador / (Record no. 196954)

MARC details
000 -LEADER
campo de control de longitud fija 01405nam a2200373 i 4500
001 - NÚMERO DE CONTROL
campo de control 196954
003 - IDENTIFICADOR DE NÚMERO DE CONTROL
campo de control ES-MaACL
005 - FECHA Y HORA DE LA ÚLTIMA TRANSACCIÓN
campo de control 20250813063346.0
008 - DATOS DE LONGITUD FIJA--INFORMACIÓN GENERAL
campo de control de longitud fija 250227s2005 sp | ||| ||spa
016 7# - NÚMERO DE CONTROL DE UNA AGENCIA BIBLIOGRÁFICA NACIONAL
Número de control del registro bimoBNE20061004140
Fuente SpMaBN
017 ## - NÚMERO DE COPYRIGHT O DE DEPÓSITO LEGAL
Número de copyright o de depósito legal B 24823-2005
Agencia que asigna Oficina Depósito Legal Barcelona
020 ## - NÚMERO INTERNACIONAL ESTÁNDAR DEL LIBRO
Número Internacional Estándar del Libro 8467213558
035 ## - NÚMERO DE CONTROL DEL SISTEMA
Número de control de sistema (OCoLC)433569006
035 ## - NÚMERO DE CONTROL DEL SISTEMA
Número de control de sistema (SpMaBN)bimo0002136462
040 ## - FUENTE DE CATALOGACIÓN
Centro catalogador/agencia de origen SpMaBN
Lengua de catalogación spa
Centro/agencia transcriptor SpMaBN
Normas de descripción rdc
080 ## - NÚMERO DE LA CLASIFICACIÓN DECIMAL UNIVERSAL
Número de la Clasificación Decimal Universal 821.111(73)-31"19"
100 1# - ENTRADA PRINCIPAL--NOMBRE DE PERSONA
Nombre de persona Vantrease, Brenda Rickman
9 (RLIN) 239677
Término indicativo de función/relación Autor
240 14 - TÍTULO UNIFORME
Título uniforme The Illuminator
Lenguaje de la obra Español
245 13 - MENCIÓN DEL TÍTULO
Título El maestro iluminador /
Mención de responsabilidad, etc. Brenda Rickman Vantrease ; traducción de Carlos Milla Soler.
Medio [Texto impreso]
260 ## - PUBLICACIÓN, DISTRIBUCIÓN, ETC.
Lugar de publicación, distribución, etc. Barcelona :
Nombre del editor, distribuidor, etc. Círculo de Lectores,
Fecha de publicación, distribución, etc. [2005].
300 ## - DESCRIPCIÓN FÍSICA
Extensión 504 páginas ;
Dimensiones 22 cm
336 ## - TIPO DE CONTENIDO
Fuente rdacontent
Término de tipo de contenido texto
337 ## - TIPO DE MEDIO
Fuente rdamedia
Nombre/término del tipo de medio sin mediación
338 ## - TIPO DE SOPORTE
Fuente rdacarrier
Nombre/término del tipo de soporte volumen
594 ## - NOTA AL TITULO Y MENCION DE RESPONSABILIDAD
Nota al título y mención de responsabilidad Traducción de: The Illuminator
655 #0 - TERMINO DE INDIZACIÓN--GENERO/FORMA
9 (RLIN) 234319
Datos o término principal de género/forma Novelas
852 ## - LOCALIZACIÓN
Ubicación ES-MaACL
Ubicación en estantería Depósito J
Número de control de estantería N-10416
Donativo/Legado Donación: José Lázaro García
Encuadernación Encuadernación cartoné con sobrecubiertas
itemnumber 206539
903 ## - NOMBRE PERSONAL DE DONANTE
9 234219
a Lázaro García, José
e Donante
942 ## - ELEMENTOS DE ENTRADA SECUNDARIOS (KOHA)
Tipo de ítem Koha Libro impreso
Suprimir en OPAC No
Holdings
Estatus retirado Estado de pérdida Fuente del sistema de clasificación o colocación Estado de daño No para préstamo Biblioteca de origen Biblioteca actual Ubicación en estantería Fecha de adquisición Fuente de adquisición Total de préstamos Signatura topográfica completa Código de barras Visto por última vez Precio de reemplazo Tipo de ítem Koha
    Clasificación decimal universal     Biblioteca del Ateneo de Madrid Biblioteca del Ateneo de Madrid Depósito J 11/08/2025 Donación   N-10416 2025-0917 11/08/2025 11/08/2025 Libro impreso